000 01039cam a2200289 a 4500
999 _c36794
_d36794
001 15292466
005 20221116103029.0
008 080507s2008 nyua 001 0 eng
010 _a 2008019342
020 _a9781579127794 x
020 _a1579127797 x
035 _a(OCoLC)ocn212844378
040 _aDLC
_cDLC
_dYDX
_dBTCTA
_dBAKER
_dYDXCP
_dLIQ
_dCDX
_dORX
_dQBX
_dJED
_dSFR
_dCQU
_dDLC
043 _an-us---
050 0 0 _aE169.1
_b.A71865 2008
080 _a94(73) s-31
082 0 0 _a973
_222
082 0 0 _a709.7309
_222
100 1 _aScheller, William.
_92219
245 1 0 _aAmerica, a history in art :
_bthe American journey told by painters, sculptors, photographers, and architects /
_cW.G Scheller.
260 _aNew York :
_bBlack Dog & Leventhal Publishers :
_bDistributed by Workman Pub.,
_cc2008.
300 _a320 p. :
_bill. (some col.) ;
_c32 cm.
500 _aIncludes index.
653 _aისრორია
653 _aამერიკის ისტორია ნახატებში
942 _2udc
_cBK